[Event "GER-chT U12"]
[Site "Magdeburg"]
[Date "2015.12.30"]
[Round "7.4"]
[White "Hansen, Jonah"]
[Black "Karge, Ole Jannes"]
[Result "1-0"]
[WhiteElo "1073"]
[BlackElo "1272"]
[PlyCount "149"]
[EventDate "2015.12.27"]
[EventType "team-swiss"]
[EventRounds "7"]
[EventCountry "GER"]
[SourceTitle "EXT 2017"]
[Source "ChessBase"]
[SourceDate "2016.10.25"]
[SourceVersion "1"]
[SourceVersionDate "2016.10.25"]
[SourceQuality "1"]
[WhiteTeam "Rheydt"]
[BlackTeam "Berlin Mattnetz"]
[WhiteTeamCountry "GER"]
[BlackTeamCountry "GER"]

1. e4 c5 2. d3 Nc6 3. Nd2 d6 4. g3 g6 5. Bg2 Bg7 6. Ngf3 e5 7. 0-0 Nge7 8. Kh1 0-0 9. Ng1 Nd4 10. c3 Ne6 11. Qb3 b6 12. Ndf3 Nc6 13. Bd2 Ba6 14. Ne1 Kh8 15. f4 c4 16. Qa4 Qc8 17. Qc2 cxd3 18. Nxd3 Ncd4 19. Qb1 Bxd3 20. Qxd3 Nc5 21. Qc4 b5 22. Qd5 Qc6 23. cxd4 Qxd5 24. exd5 exd4 25. Bb4 Rac8 26. Rac1 Nb7 27. Rfe1 a5 28. Bd2 Nc5 29. Bf1 d3 30. b3 b4 31. Nf3 Bb2 32. Rc4 f5 33. Be3 Ne4 34. Bxd3 Bc3 35. Rc1 Nf6 36. Rxc8 Rxc8 37. Bd4 Kg7 38. Bxf6+ Kxf6 39. Ng1 Ra8 40. Ne2 Rc8 41. Nxc3 bxc3 42. Kg2 Rc5 43. Bc4 Ke7 44. Rxc3 Kd8 45. Re3 Rc7 46. Rc3 Re7 47. Kf2 Re4 48. Re3 Rd4 49. Ke2 Kd7 50. Bb5+ Kc7 51. Rc3+ Kd8 52. Rc4 Rxd5 53. Bc6 Rc5 54. Rxc5 dxc5 55. Bd5 Ke7 56. Bg8 h6 57. Kd3 g5 58. fxg5 hxg5 59. Kc4 Kd6 60. Kb5 Ke5 61. Kxa5 f4 62. gxf4+ gxf4 63. a4 f3 64. Kb5 f2 65. Bc4 Ke4 66. a5 Ke3 67. a6 Kd2 68. a7 Ke1 69. a8Q f1Q 70. Bxf1 Kxf1 71. Qa2 Ke1 72. Kc4 Kf1 73. Kd3 Kg1 74. Ke3 Kh1 75. Kf3 1-0

[Event "GER-chT U12"]
[Site "Magdeburg"]
[Date "2015.12.29"]
[Round "6.4"]
[White "Dittmar, Elia"]
[Black "Hansen, Jonah"]
[Result "0-1"]
[WhiteElo "1018"]
[BlackElo "1073"]
[PlyCount "158"]
[EventDate "2015.12.27"]
[EventType "team-swiss"]
[EventRounds "7"]
[EventCountry "GER"]
[SourceTitle "EXT 2017"]
[Source "ChessBase"]
[SourceDate "2016.10.25"]
[SourceVersion "1"]
[SourceVersionDate "2016.10.25"]
[SourceQuality "1"]
[WhiteTeam "Biberach"]
[BlackTeam "Rheydt"]
[WhiteTeamCountry "GER"]
[BlackTeamCountry "GER"]

1. c4 Nf6 2. d4 e6 3. Nc3 Bb4 4. e3 0-0 5. Nf3 d6 6. a3 Bxc3+ 7. bxc3 Nbd7 8. Bd3 Re8 9. 0-0 b6 10. Qc2 Nf8 11. e4 e5 12. Bg5 h6 13. Bxf6 Qxf6 14. d5 Ng6 15. Qa4 Bg4 16. Be2 Nh4 17. Nxh4 Bxe2 18. Rfc1 Bg4 19. g3 g5 20. Ng2 Bf3 21. Qc6 Rac8 22. Qb7 a5 23. Qc6 g4 24. Qd7 Red8 25. Qf5 Qxf5 26. exf5 f6 27. Nh4 e4 28. Ng6 Re8 29. Nf4 Kf7 30. Ne6 c6 31. Re1 cxd5 32. cxd5 e3 33. fxe3 Bxd5 34. Nf4 Be4 35. Red1 Rc6 36. Ne6 Bxf5 37. Nd4 Rc5 38. Nxf5 Rxf5 39. Rxd6 Rxe3 40. Rxb6 Rxc3 41. Rb7+ Kg6 42. Rd1 Rxa3 43. Rd8 Ra1+ 44. Kg2 Ra2+ 45. Kg1 Re5 46. Rb1 Ree2 47. Ra8 Rxh2 48. Rg8+ Kf5 49. Rf1+ Ke6 50. Re8+ Kd7 51. Rfe1 Rag2+ 52. Kf1 Rf2+ 53. Kg1 Kc6 54. Rd1 Kb5 55. Rc8 Ka4 56. Rb8 Ka3 57. Rd3+ Ka2 58. Rdb3 Rb2 59. Rxb2+ Rxb2 60. Ra8 Rb5 61. Kf2 Ka3 62. Ke3 a4 63. Kf4 Rb4+ 64. Kf5 Ka2 65. Kxf6 a3 66. Re8 Rc4 67. Re2+ Kb1 68. Re1+ Rc1 69. Re4 a2 70. Rb4+ Kc2 71. Rb8 a1Q+ 72. Kg6 Qe5 73. Rc8+ Kb2 74. Rf8 Qg5+ 75. Kf7 Rc6 76. Rg8 Qf6+ 77. Ke8 Rc7 78. Rg7 Qe6+ 79. Kd8 Qc8# 0-1

[Event "GER-chT U10"]
[Site "Magdeburg"]
[Date "2014.12.27"]
[Round "1.4"]
[White "Hansen, Jonah"]
[Black "Scheer, Simon"]
[Result "0-1"]
[WhiteElo "939"]
[BlackElo "940"]
[PlyCount "48"]
[EventDate "2014.12.27"]
[EventType "team-swiss"]
[EventRounds "7"]
[EventCountry "GER"]
[SourceTitle "EXT 2016"]
[Source "ChessBase"]
[SourceDate "2015.10.08"]
[SourceVersion "1"]
[SourceVersionDate "2015.10.08"]
[SourceQuality "1"]
[WhiteTeam "Rheydt"]
[BlackTeam "Braunschweig"]
[WhiteTeamCountry "GER"]
[BlackTeamCountry "GER"]

1. e4 d5 2. exd5 Qxd5 3. Nc3 Qd8 4. Bc4 Nf6 5. d3 Nc6 6. Nf3 Bg4 7. h3 Bh5 8. Be3 e6 9. Bb5 h6 10. g4 Bg6 11. Ne5 Qd6 12. Bf4 Qc5 13. Nxg6 fxg6 14. Bxc7 Rc8 15. Bg3 Bd6 16. d4 Qb4 17. a3 Qxb2 18. Bxc6+ Rxc6 19. Ne2 Ne4 20. d5 Nc3 21. Nxc3 Qxc3+ 22. Kf1 Qc4+ 23. Qe2 Qxd5 24. Re1 Qxh1# 0-1